Ode (Record no. 34162)

MARC details
000 -LEADER
fixed length control field 00241nam a2200109Ia 4500
082 ## - DEWEY DECIMAL CLASSIFICATION NUMBER
Classification number 82-14
Item number JUM
100 ## - MAIN ENTRY--AUTHOR NAME
Personal name Jump, John D
245 #0 - TITLE STATEMENT
Title Ode
260 ## - PUBLICATION, DISTRIBUTION, ETC. (IMPRINT)
Place of publication London
Name of publisher Methuen
Year of publication 1974
942 ## - ADDED ENTRY ELEMENTS (KOHA)
Koha item type Books
Holdings
Withdrawn status Lost status Damaged status Not for loan Home library Current library Date acquired Cost, normal purchase price Full call number Accession Number Koha item type
        RRII Library RRII Library 16/12/2021 1.60 82-14 JUM 14602 Books